000 00512nam a2200181Ia 4500
003 GCL
008 140319s9999 xx 000 0 ara d
040 _aGCL /
_cGCL
082 0 4 _aق
_b962.39
_bر س
100 1 _aرفعت الجوهرى
245 1 0 _aسيناء ارض القمر /
_cرفعت الجوهرى
300 _a250 ص ؛
_c24 سم
490 _aمن الشرق والغرب
_v0
650 0 4 _aسيناء
650 0 4 _aمصر - تاريخ
650 0 4 _aسيناء - الاثار
942 _2ddc
_cBK
999 _c45291
_d45291